000 00731nam a2200289Ia 4500
005 20260324123108.0
008 008 260324s9999 xx 000 0 eng d
020 _a9780203119617
037 _aEBOOK
040 _aCRL
040 _beng
040 _cCRL
041 _2eng
041 _aeng
084 _qCRL
100 _aClaudio Baraldi; Vittorio Iervese
_91169005
245 0 _aParticipation, Facilitation, and Mediation
245 0 _bChildren and Young People in Their Social Contexts
260 _bTaylor and Francis
260 _c2012
365 _a
365 _b240
856 _uhttp://www.taylorfrancis.com/books/9780203119617
942 _cEBOOK
999 _c1762227
_d1762227